00404nam a2200121Ia 4500008004100000024004800041082001700089100005400106245003700160260002600197600002100223650003800244260210s9999 xx 000 0 und d a10B-026-BS, 10B-041-BS & 10B-049-BS a005.8072 SAL aSalik Yar Khan, Taha Ashar Minhaj & Ali Abbas 0aBusiess Management And Inventory aKarachi:bUITU,c2010 aComputer Science aBachelor of Computer Science (BS)